00472nam a2200121Ia 4500008004100000020002200041041001200063100004500075245002600120260003600146440004600182650012200228231221s9999 xx 000 0 und d a978-0-85729-186-8 aEnglish aWasim Ahmed Khan, Abdul Raouf, Kai Cheng 0aVirtual Manufacturing c2011bSpringer LondonaNew York aSpringer Series in Advanced Manufacturing aManufacturing, Machines, Tools; User Interfaces and Human Computer Interaction; Industrial and Production Engineering